01796nam a2200253Ia 45000010005000000080041000050100009000460410014000550820017000692450104000862600018001903000007002085200007002156300019002226300017002416300016002586300014002746300014002886500016003027000038003187000039003567000043003955201104004384314241029s9999 xx 000 0 und d a4057 aEspañol aED 531 UTESA 0aImpacto de la carrera de Comunicación Social en los egresados de la Universidad UTESA, 2010-2012 aSanto Domingo a87 a48 aCapital Humano aCompetencias aEducación aEgresados aMétodos aEducación easesora Cambero, María Estela  eautora Pérez Dotel, Fleuris L.  eautora Concepción Valdez, Graciela  aEsta investigación tuvo como objetivo general, analizar la formación e inserción al mercado laboral, así como los inconvenientes que se les han presentado a los egresados de la carrera de Comunicación Social de la Universidad Tecnológica de Santiago (UTESA), en el mercado laboral.                   La consulta a docentes, directivos de medios de comunicación, prensa gubernamental y el análisis de contenido, permitió que se seleccionaran las variables cualitativas y cuantitativas, para medir la calidad de la formación del egresado, los inconvenientes, la inserción laboral, los requerimientos de los medios, la percepción de la directora y los docentes, a través de instrumentos de medición.Esta propuesta es novedosa, ya que en dicha escuela no existe un trabajo que permita reunir la valoración de los egresados, la directora, los docentes, los egresados de medios y prensa gubernamental, para tratar la inserción laboral y los inconvenientes que presentan los egresados, al momento de optar por un puesto de trabajo en la República Dominicana.